| 000 | 01151nam a22003135i 4500 | ||
|---|---|---|---|
| 999 |
_c9320 _d9320 |
||
| 003 | EG-ScBUE | ||
| 005 | 20210112101742.0 | ||
| 008 | 200219r19991995enk g 000 0 eng d | ||
| 020 | _a0521485134 (pbk.) | ||
| 020 | _a9780521485135 | ||
| 040 |
_aEG-ScBUE _beng _erda _cEG-ScBUE _dEG-ScBUE |
||
| 082 | 0 | 4 |
_a813.52 _bCAM _222 |
| 245 | 0 | 4 |
_aThe Cambridge companion to Edith Wharton / _cedited by Millicent Bell. |
| 246 | 3 | 0 | _aEdith Wharton |
| 264 | 1 |
_aCambridge ; _aNew York : _bCambridge University Press, _c1999. |
|
| 300 |
_axiii, 210 pages ; _c24 cm. |
||
| 336 |
_atext _btxt _2rdacontent |
||
| 337 |
_aunmediated _bn _2rdamedia |
||
| 338 |
_avolume _bnc _2rdacarrier |
||
| 490 | 0 | _aCambridge companion to literature | |
| 504 | _aIncludes bibliographical references and index. | ||
| 600 | 1 | 7 |
_aWharton, Edith, _d1862-1937 _xCriticism and interpretation. _2BUEsh _940157 |
| 600 | 1 | 7 |
_aWharton, Edith, _d1862-1937 _xHandbooks, manuals, etc. _2BUEsh _940157 |
| 650 | 7 |
_aWomen and literature _zUnited States _xHistory _y20th century. _2BUEsh |
|
| 651 | _2BUEsh | ||
| 653 |
_bHHUUEENN _cJanuary2021 |
||
| 700 | 1 |
_aBell, Millicent, _eeditor. |
|
| 942 |
_cBB _2ddc |
||